| 000 | 00876nam a22002297a 4500 | ||
|---|---|---|---|
| 005 | 20220409115839.0 | ||
| 008 | 220409b ||||| |||| 00| 0 eng d | ||
| 020 | _a8171678157 | ||
| 040 | _cAloy | ||
| 041 | _aeng | ||
| 082 |
_223 _a929 _bRAMC |
||
| 100 |
_aSunil Raman _929017 |
||
| 245 |
_aC Y Chintamani: _bThe liberal editor politician |
||
| 260 |
_aNew Delhi _bRupa & Co _c2002 |
||
| 300 |
_a79 p. _bHB _c16x13 cm |
||
| 440 |
_aCharitavali series _929018 |
||
| 520 | _aC.Y. Chintamani wielded the pen like a sword and dominated Indian journalism in the first three decades of the 20th century. He was the chief Editor of The Leader of Allahabad and the foremost liberal leader. Yet, today he remains forgotten in the heaps of archival material. | ||
| 650 |
_aBiography _929019 |
||
| 650 |
_aPolitician _929020 |
||
| 700 |
_aRAMAN (Sunil) _929021 |
||
| 942 |
_2ddc _cGF |
||
| 999 |
_c222325 _d222325 |
||